| 000 | 00541nam a22001817a 4500 | ||
|---|---|---|---|
| 005 | 20240910064727.0 | ||
| 008 | 240910b |||||||| |||| 00| 0 eng d | ||
| 020 | _a0702160695 | ||
| 041 | _aEnglish | ||
| 082 | _a347.6 SCH | ||
| 100 | _lEnglish | ||
| 245 |
_aPrinciples of Evidence / _cPJ Schwikkard and SE Van der Merwe |
||
| 250 | _aSecond Edition | ||
| 260 |
_aCape Town: _bJuta and Company Ltd, _c1997 |
||
| 300 |
_blxxiv, 596 pages; _c25 cm. |
||
| 650 |
_aLegal practice _bLaw |
||
| 942 |
_cBK _6ALISON_BN_VRIES |
||
| 999 |
_c3029 _d3029 |
||